[Event "World Amateur-ch"]
[Site "Iasi"]
[Date "2013.04.28"]
[Round "7"]
[White "Ganesan, K."]
[Black "Desormes, Olivier"]
[Result "1-0"]
[WhiteElo "1933"]
[BlackElo "1783"]
[PlyCount "77"]
[EventDate "2013.04.22"]
[EventType "swiss"]
[EventRounds "9"]
[EventCountry "ROU"]
[SourceTitle "CBM 154 Extra"]
[Source "ChessBase"]
[SourceDate "2013.06.25"]
[SourceVersion "2"]
[SourceVersionDate "2013.06.25"]
[SourceQuality "1"]

1. d4 Nf6 2. c4 c5 3. d5 b5 4. cxb5 a6 5. b6 Qxb6 6. Nc3 d6 7. e4 Nbd7 8. b3 Qb4 9. Bd2 Nxe4 10. Bc4 Nxd2 11. Qxd2 Ne5 12. Be2 g6 13. f4 Nd7 14. Nf3 Bg7 15. Rc1 Nf6 16. 0-0 0-0 17. Bc4 Nh5 18. g3 Nf6 19. Rfe1 Bg4 20. Kg2 Bxf3+ 21. Kxf3 Ra7 22. Re2 Kh8 23. Kg2 Ng8 24. Qe3 Qb6 25. Rce1 Rfa8 26. Ne4 h6 27. h4 f5 28. Nf2 h5 29. Nh3 Bf6 30. Ng5 a5 31. a4 Qb7 32. Qd3 Kg7 33. g4 hxg4 34. h5 gxh5 35. Rh1 Nh6 36. Rxh5 Kg6 37. Rxh6+ Kxh6 38. Qxf5 Bxg5 39. Qxg5+ 1-0

[Event "World Amateur-ch"]
[Site "Iasi"]
[Date "2013.04.24"]
[Round "3"]
[White "Ganesan, K."]
[Black "Avsitidiysky, Andrey"]
[Result "1-0"]
[WhiteElo "1933"]
[BlackElo "1815"]
[PlyCount "89"]
[EventDate "2013.04.22"]
[EventType "swiss"]
[EventRounds "9"]
[EventCountry "ROU"]
[SourceTitle "CBM 154 Extra"]
[Source "ChessBase"]
[SourceDate "2013.06.25"]
[SourceVersion "2"]
[SourceVersionDate "2013.06.25"]
[SourceQuality "1"]

1. d4 d5 2. Nf3 Nf6 3. c4 c6 4. e3 e6 5. Nc3 Nbd7 6. Qc2 Bd6 7. b3 0-0 8. Be2 e5 9. cxd5 cxd5 10. dxe5 Nxe5 11. Bb2 Be6 12. Rc1 Rc8 13. Qb1 a6 14. 0-0 Qd7 15. Na4 Rxc1 16. Rxc1 Nxf3+ 17. Bxf3 Be7 18. Qd3 Rc8 19. Rxc8+ Qxc8 20. h3 Bf5 21. Qd1 Be4 22. Nc3 Bxf3 23. Qxf3 Qc6 24. Qf4 Qd6 25. Qd4 Qc5 26. Qxc5 Bxc5 27. Ne2 Be7 28. Nf4 Bd6 29. Bxf6 Bxf4 30. exf4 gxf6 31. Kf1 Kf8 32. Ke2 Ke7 33. Kd3 Kd6 34. Kd4 f5 35. g4 b6 36. b4 f6 37. a4 b5 38. axb5 axb5 39. f3 Kc6 40. Kd3 Kd7 41. Kd4 Kd6 42. h4 Kc6 43. g5 fxg5 44. fxg5 h5 45. f4 1-0